000
00332nam a2200145Ia 4500
008
150201s2008 xx 000 0 und d
082
_a
603
_b
O08O
100
_a
OXFORD
245
_a
CONCISE COLOUR MEDICAL DICTIONARY
250
_a
4TH
260
_b
OXFORD
_a
INDIA
_c
2008
300
_a
807
650
_a
DICTIONARY
942
_2
ddc
_c
BK
999
_c
2037
_d
2037